000 00790nam a22002177a 4500
999 _c175619
_d175619
005 20200910165327.0
010 _aENG-128410
020 _c549.00
_a9789353945466
035 _aEN-111942
037 _bDBAD/PUB
082 _a006.31
100 _aKrohn, John
245 _aDeep Learning Illustrated:
_bA Visual, Interactive Guide to Artificial Intelligence
_cby John Krohn, Grant Beyleveld and Aglae Bassens
260 _aNoida
_bPearson
_c2020
270 _a15th floor,Tower-B,Word Trade Tower,Plot no.1,Block-C sec 16,
_bNoida
_e201301
_k04466540100
_mcompanysecretary.india@pearson.com
300 _axxxviii;330p.
_c23cm(pbk)
_bIllustrations
500 _aIncludes Index
700 _aBeyleveld, Grant
700 _aBassens, Aglae
942 _2ddc
_cEN
_h006.31
_mKRO